书目信息 |
| 题名: |
鸭蛙稻绿色生产模式与技术
|
|
| 作者: | 张舒 主编 | |
| 分册: | ||
| 出版信息: | 武汉 湖北科学技术出版社 2021.06 |
|
| 页数: | 110页 | |
| 开本: | 26cm | |
| 丛书名: | ||
| 单 册: | ||
| 中图分类: | S834.4 , S966.3 | |
| 科图分类: | ||
| 主题词: | 鸭--ya--饲养管理 , 蛙类养殖--wa lei yang zhi , 水稻栽培--shui dao zai pei--无污染技术 | |
| 电子资源: | ||
| ISBN: | 978-7-5706-1485-1 | |
| 000 | 01054nam0 2200277 450 | |
| 001 | CAL 0120217215308 | |
| 005 | 20230217093112.0 | |
| 010 | @a978-7-5706-1485-1@dCNY35.00 | |
| 100 | @a20210804d2021 em y0chiy0120 ea | |
| 101 | 0 | @achi |
| 102 | @aCN@b420000 | |
| 105 | @aa a 000yy | |
| 106 | @ar | |
| 200 | 1 | @a鸭蛙稻绿色生产模式与技术@Aya wa dao lv se sheng chan mo shi yu ji shu@f张舒主编 |
| 210 | @a武汉@c湖北科学技术出版社@d2021.06 | |
| 215 | @a110页@c彩图@d26cm | |
| 320 | @a有书目 (第108-110页) | |
| 330 | @a本书主要包括鸭蛙稻绿色生产模式与技术概述、鸭蛙稻绿色生产模式与技术、水稻栽培技术、鸭和蛙放养技术、水肥管理技术、水稻主要病害绿色防控技术、水稻主要虫害绿色防控技术、稻田杂草绿色防控技术、鸭蛙稻绿色生态农业模式典型案例、鸭蛙稻模式示范推广等内容。 | |
| 606 | 0 | @a鸭@Aya@x饲养管理 |
| 606 | 0 | @a蛙类养殖@Awa lei yang zhi |
| 606 | 0 | @a水稻栽培@Ashui dao zai pei@x无污染技术 |
| 690 | @aS834.4@v5 | |
| 690 | @aS966.3@v5 | |
| 701 | 0 | @a张舒@Azhang shu@4主编 |
| 801 | 0 | @aCN@bBJXHZP@c20230228 |
| 905 | @b1404396-9@dS834.4@e228@f4 | |
| 鸭蛙稻绿色生产模式与技术/张舒主编.-武汉:湖北科学技术出版社,2021.06 |
| 110页:彩图;26cm |
| ISBN 978-7-5706-1485-1:CNY35.00 |
| 本书主要包括鸭蛙稻绿色生产模式与技术概述、鸭蛙稻绿色生产模式与技术、水稻栽培技术、鸭和蛙放养技术、水肥管理技术、水稻主要病害绿色防控技术、水稻主要虫害绿色防控技术、稻田杂草绿色防控技术、鸭蛙稻绿色生态农业模式典型案例、鸭蛙稻模式示范推广等内容。 |
| ● |
| 相关链接 |
|
|
|
|
正题名:鸭蛙稻绿色生产模式与技术
索取号:S834.4/228
 
预约/预借
| 序号 | 登录号 | 条形码 | 馆藏地/架位号 | 状态 | 备注 |
| 1 | 1404396 | 214043961 | 第二样本阅览室/ [索取号:S834.4/228] | 在馆 | |
| 2 | 1404397 | 214043970 | 第三借阅区/ [索取号:S834.4/228] | 在馆 | |
| 3 | 1404398 | 214043989 | 第三借阅区/ [索取号:S834.4/228] | 在馆 | |
| 4 | 1404399 | 214043998 | 第三借阅区/ [索取号:S834.4/228] | 在馆 |